000 00746nam a2200193Ia 4500
008 151121s9999||||xx |||||||||||||| ||und||
082 _a814/चित्रे
082 _bHNW-66081
100 _aचित्रे दिलीप पुरुषोत्तम
245 _aशतकांचा संधिकाल
260 _b"पॉप्युलर प्रकाशन, मुंबई"
260 _c--
300 _a130
600 _aचित्रे दिलीप पुरुषोत्तम
630 _aशतकांचा संधिकाल
700 _aचित्रे दिलीप पुरुषोत्तम
730 _aशतकांचा संधिकाल
942 _cBOOK
999 _c1247578
_d1247575